[Event "III Torneo Estate Vomero"]
[Site "Napoli ITA"]
[Date "2009.06.04"]
[Round "4"]
[White "Esposito, Rosario"]
[Black "De Rosa, Francesco"]
[Result "1-0"]
[WhiteElo "1855"]
[BlackElo "1968"]
[PlyCount "105"]
[EventDate "2009.05.08"]

1. d4 d5 2. c4 c6 3. Nf3 Nf6 4. Nc3 dxc4 5. a4 Bf5 6. e3 e6 7. Bxc4 Nbd7 8. O-O
Bb4 9. Qe2 Nb6 10. Bb3 Ne4 11. Nxe4 Bxe4 12. Nd2 Bg6 13. Nc4 Nxc4 14. Bxc4 Qf6
15. Bd2 Bd6 16. f4 O-O 17. Bc3 Be4 18. Bd3 Qg6 19. Bxe4 Qxe4 20. Qf3 Qxf3 21.
Rxf3 f5 22. Re1 Kf7 23. e4 Rac8 24. exf5 exf5 25. Rfe3 Rfe8 26. g3 Rxe3 27.
Rxe3 Re8 28. Kf2 Rxe3 29. Kxe3 Ke6 30. h3 h5 31. Kf3 g6 32. g4 Kd5 33. gxh5
gxh5 34. b3 b5 35. axb5 cxb5 36. Ke3 b4 37. Bb2 Kc6 38. Kf3 a5 39. Kg3 Be7 40.
Kf3 Kb5 41. Ke3 a4 42. bxa4+ Kxa4 43. d5 Kb3 44. Be5 Kc2 45. d6 Bd8 46. Kd4 b3
47. Kd5 Kd3 48. Ba1 Ba5 49. d7 Kc2 50. Ke5 b2 51. Bxb2 Kxb2 52. Kxf5 h4 53. Ke6
1-0

[Event "III Torneo Estate Vomero"]
[Site "Napoli ITA"]
[Date "2009.06.04"]
[Round "4"]
[White "Longobardi, Giuseppe"]
[Black "Accardo, Francesco"]
[Result "0-1"]
[WhiteElo "1999"]
[BlackElo "1854"]
[PlyCount "84"]
[EventDate "2009.05.08"]

1. c4 e6 2. g3 Be7 3. Bg2 c5 4. Nc3 Nc6 5. e3 h5 6. h4 Nf6 7. Nge2 Ne5 8. d3
Nfg4 9. f4 Nc6 10. e4 g6 11. Bd2 d6 12. Qb1 Bd7 13. Nd1 f5 14. Ne3 Nf6 15. Bc3
O-O 16. a3 Rb8 17. Qc2 e5 18. Nd5 Ng4 19. Nxe7+ Qxe7 20. Qd2 Nd4 21. Bxd4 exd4
22. b4 Ne3 23. Bf3 Bc6 24. b5 fxe4 25. dxe4 Bxe4 26. Kf2 Nxc4 27. Qa2 d5 28.
Rhe1 Bxf3 29. Nxd4 Be4 30. Nf3 Rbe8 31. Ng5 Nd6 32. Re2 Qf6 33. Rd1 Kg7 34. Kg1
Qc3 35. Kh2 Nf5 36. Rg1 Nd4 37. Rxe4 dxe4 38. Qd5 Qb2+ 39. Rg2 Qxb5 40. Kh3 Rf5
41. Qd6 Rf6 42. Qd5 Qc6 0-1

[Event "III Torneo Estate Vomero"]
[Site "Napoli ITA"]
[Date "2009.06.04"]
[Round "4"]
[White "Piscopia, Carmela"]
[Black "Iannotta, Francesco"]
[Result "1-0"]
[WhiteElo "1520"]
[BlackElo "1653"]
[PlyCount "85"]
[EventDate "2009.05.08"]

1. Nf3 Nf6 2. d4 g6 3. c4 Bg7 4. Nc3 O-O 5. e4 d6 6. Be2 Nbd7 7. O-O e5 8. Bg5
c6 9. Qd2 Bh8 10. h4 Qc7 11. Nh2 exd4 12. Nd1 Nxe4 13. Qf4 Ndc5 14. Ng4 Bxg4
15. Bxg4 Be5 16. Qf3 f5 17. Bh3 Ne6 18. Bh6 Rf7 19. b4 Qe7 20. g3 d3 21. Rb1 d2
22. Qd3 Nd4 23. Bg2 Nf6 24. Qxd2 Nh5 25. Bg5 Qc7 26. Ne3 f4 27. Ng4 Kh8 28.
Nxe5 dxe5 29. Be4 Qd7 30. Qb2 f3 31. Kh2 Nf6 32. Bxf6+ Rxf6 33. Rbd1 Qg4 34.
Rfe1 Re8 35. b5 Ne2 36. Bd3 Nf4 37. Bf1 g5 38. Rxe5 Rxe5 39. Qxe5 Nh5 40. Rd8+
Kg7 41. Qe7+ Kh6 42. Bd3 Nf4 43. Qxh7# 1-0

[Event "III Torneo Estate Vomero"]
[Site "Napoli ITA"]
[Date "2009.06.04"]
[Round "4"]
[White "Rosato, Luciano"]
[Black "Messina, Enrico"]
[Result "1/2-1/2"]
[WhiteElo "2268"]
[BlackElo "2147"]
[PlyCount "52"]
[EventDate "2009.05.08"]

1. Nf3 g6 2. c4 Bg7 3. Nc3 e5 4. d4 exd4 5. Nxd4 d6 6. e4 Nf6 7. Be2 O-O 8. O-O
Re8 9. f3 Nbd7 10. Bg5 Nc5 11. Qd2 Nfxe4 12. Nxe4 Nxe4 13. fxe4 Bxd4+ 14. Kh1
f6 15. Qxd4 fxg5 16. c5 dxc5 17. Rf8+ Rxf8 18. Bc4+ Be6 19. Bxe6+ Rf7 20. Qxc5
Qf6 21. Bxf7+ Qxf7 22. Qxg5 Re8 23. Qe3 Qe6 24. Qxa7 Qxe4 25. Qa5 Qe5 26. Qb4
Qe4 1/2-1/2

[Event "III Torneo Estate Vomero"]
[Site "Napoli ITA"]
[Date "2009.06.04"]
[Round "4"]
[White "Sorrentino, Michele"]
[Black "Capozzoli, Silvio"]
[Result "1-0"]
[WhiteElo "2023"]
[BlackElo "1961"]
[PlyCount "81"]
[EventDate "2009.05.08"]

1. d4 Nf6 2. Nf3 d5 3. Nbd2 Nc6 4. e3 Bg4 5. h3 Bh5 6. Be2 e6 7. O-O Be7 8. c4
O-O 9. a3 a5 10. Qc2 Bg6 11. Bd3 Bxd3 12. Qxd3 Qd6 13. b3 Nh5 14. Bb2 f5 15.
Rac1 g5 16. Qe2 Ng7 17. Rfd1 Qd7 18. Ne5 Nxe5 19. dxe5 c6 20. e4 d4 21. c5 b6
22. cxb6 c5 23. Nc4 Qb5 24. exf5 Nxf5 25. Qe4 Rab8 26. Rd3 Bd8 27. a4 Qa6 28.
Qc6 Ng7 29. Qxc5 Bxb6 30. Qc6 Rfd8 31. Rcd1 Rdc8 32. Qe4 Bc5 33. Bxd4 Bxd4 34.
Qxd4 Rb4 35. Qe3 h6 36. Rd8+ Rxd8 37. Rxd8+ Kh7 38. Qd3+ Nf5 39. g4 Rxc4 40.
bxc4 Qb6 41. gxf5 1-0

[Event "III Torneo Estate Vomero"]
[Site "Napoli ITA"]
[Date "2009.06.11"]
[Round "5"]
[White "Accardo, Francesco"]
[Black "Rosato, Luciano"]
[Result "0-1"]
[WhiteElo "1854"]
[BlackElo "2268"]
[PlyCount "60"]
[EventDate "2009.05.08"]

1. g4 d5 2. Bg2 c6 3. h3 h5 4. g5 e5 5. d4 e4 6. h4 Bd6 7. c4 Ne7 8. Nc3 O-O 9.
Qb3 Re8 10. Nh3 dxc4 11. Qxc4 Be6 12. Qa4 b5 13. Qc2 Nf5 14. g6 fxg6 15. Bg5
Qb6 16. Rd1 Na6 17. O-O Nb4 18. Qb1 a5 19. a3 Nd5 20. Nxe4 Bb8 21. Nc5 Qc7 22.
f4 Nde3 23. Nxe6 Rxe6 24. d5 Rd6 25. Qe4 Ba7 26. Nf2 Qb6 27. Kh2 cxd5 28. Qe5
Rc8 29. Ra1 Nxf1+ 30. Rxf1 Ne3 0-1

[Event "III Torneo Estate Vomero"]
[Site "Napoli ITA"]
[Date "2009.06.11"]
[Round "5"]
[White "Borrelli, Salvatore"]
[Black "Ficco, Corrado"]
[Result "0-1"]
[WhiteElo "1770"]
[BlackElo "2163"]
[PlyCount "82"]
[EventDate "2009.05.08"]

1. f4 d5 2. Nf3 Nf6 3. e3 g6 4. Be2 Bg7 5. O-O O-O 6. d3 c5 7. Nc3 d4 8. Ne4
Nxe4 9. dxe4 Nc6 10. Rb1 Be6 11. a3 Qb6 12. Ng5 Bd7 13. e5 h6 14. Ne4 Rad8 15.
Qe1 Bf5 16. Bf3 d3 17. cxd3 Rxd3 18. Ng3 Rxa3 19. Nxf5 gxf5 20. Bxc6 bxc6 21.
Bd2 Rd3 22. Bc3 e6 23. Rd1 Rfd8 24. Rxd3 Rxd3 25. Qe2 Qa6 26. Rd1 c4 27. Kf2
Bf8 28. Bd4 Bb4 29. Qc2 c5 30. Bc3 Qb5 31. Ke2 Qc6 32. Kf2 Qe4 33. Rxd3 cxd3
34. Qa4 Bxc3 35. Qe8+ Kg7 36. bxc3 d2 37. Qd8 Qc2 38. Qf6+ Kg8 39. Qd8+ Kh7 40.
Kg3 d1=Q 41. Qf6 Qg4# 0-1

[Event "III Torneo Estate Vomero"]
[Site "Napoli ITA"]
[Date "2009.06.11"]
[Round "5"]
[White "Cosenza, Gianni"]
[Black "Caccaviello, Vincenzo"]
[Result "1-0"]
[WhiteElo "1927"]
[BlackElo "1688"]
[PlyCount "79"]
[EventDate "2009.05.08"]

1. e4 d6 2. d4 Nf6 3. Nc3 g6 4. f3 Bg7 5. Be3 c6 6. Qd2 b5 7. O-O-O h5 8. Kb1
a5 9. Bd3 a4 10. Nce2 Nbd7 11. d5 cxd5 12. exd5 Nxd5 13. Bg5 Rb8 14. Bxg6 fxg6
15. Qxd5 Nf6 16. Qd2 b4 17. Nd4 Bd7 18. Qd3 Kf7 19. Nh3 e5 20. Ne2 Bb5 21. Qd2
Qc7 22. Rhe1 Bc6 23. Qxd6 Qxd6 24. Rxd6 Rbc8 25. Red1 Rhe8 26. Be3 Nh7 27. Nc1
e4 28. f4 Nf6 29. Ng5+ Kg8 30. Bd4 Rf8 31. Ne6 Rf7 32. Nd8 Rd7 33. Bxf6 Rxd6
34. Rxd6 Bxf6 35. Nxc6 Kf7 36. Ne5+ Ke7 37. Rd4 b3 38. axb3 axb3 39. Nxb3 e3
40. Re4 1-0

[Event "III Torneo Estate Vomero"]
[Site "Napoli ITA"]
[Date "2009.06.11"]
[Round "5"]
[White "D'Orta, Antonio"]
[Black "Gallo, Thomas Renato"]
[Result "1-0"]
[WhiteElo "1833"]
[BlackElo "1900"]
[PlyCount "109"]
[EventDate "2009.05.08"]

1. e4 d6 2. d4 Nf6 3. f3 e6 4. Be3 Be7 5. c4 O-O 6. Nc3 c5 7. Nge2 Bd7 8. d5 e5
9. Qd2 a6 10. a4 a5 11. g4 Na6 12. Nb5 Ne8 13. Ng3 g6 14. Bd3 Nb4 15. Ke2 b6
16. Rag1 Ng7 17. Bh6 Nxd3 18. Kxd3 Bxb5 19. axb5 f6 20. h4 Rf7 21. h5 g5 22.
Bxg7 Kxg7 23. Nf5+ Kh8 24. Qc3 a4 25. Ra1 Bf8 26. Ra3 Rfa7 27. Rha1 Ra5 28. Qc2
R8a7 29. Rxa4 Rxa4 30. Rxa4 Qa8 31. Rxa7 Qxa7 32. Ne3 h6 33. Qb1 Kg7 34. Nc2
Kf7 35. Qa1 Qxa1 36. Nxa1 Ke7 37. b4 Kd7 38. bxc5 dxc5 39. Nc2 Kd6 40. Ne3 Kd7
41. Nf5 Kc7 42. d6+ Kd7 43. Ne3 Bg7 44. Nd5 Kxd6 45. Nxb6 Kc7 46. Nd5+ Kb7 47.
Kc3 Ka7 48. Kb3 Bf8 49. Nxf6 Kb7 50. Ka4 Bd6 51. Nd5 Bb8 52. Ka5 Bd6 53. b6 Bb8
54. Kb5 Bd6 55. Nc3 1-0

[Event "III Torneo Estate Vomero"]
[Site "Napoli ITA"]
[Date "2009.06.11"]
[Round "5"]
[White "Messina, Enrico"]
[Black "Sorrentino, Michele"]
[Result "1-0"]
[WhiteElo "2147"]
[BlackElo "2023"]
[PlyCount "65"]
[EventDate "2009.05.08"]

1. e4 e6 2. d4 d5 3. Nd2 Nf6 4. e5 Nfd7 5. f4 c5 6. c3 Nc6 7. Ndf3 Be7 8. Bd3
cxd4 9. cxd4 Qb6 10. Ne2 Bb4+ 11. Kf1 f6 12. g3 Be7 13. Kg2 Qd8 14. a3 a6 15.
Be3 b5 16. Qc2 Bb7 17. Bxh7 f5 18. Bg6+ Kf8 19. h4 Rc8 20. Qd3 b4 21. Ng5 Bxg5
22. hxg5 Ke7 23. Rxh8 Qxh8 24. Rh1 Qf8 25. Bd2 a5 26. axb4 axb4 27. Qb5 Ba8 28.
Bxb4+ Nxb4 29. Qxb4+ Kd8 30. Qa5+ Ke7 31. Ra1 Rb8 32. Qa3+ Kd8 33. Qxa8 1-0

[Event "III Torneo Estate Vomero"]
[Site "Napoli ITA"]
[Date "2009.06.11"]
[Round "5"]
[White "Pinto, Gaetano"]
[Black "Caiazzo, Diego"]
[Result "1/2-1/2"]
[WhiteElo "2065"]
[BlackElo "1885"]
[PlyCount "72"]
[EventDate "2009.05.08"]

1. Nf3 Nf6 2. g3 d5 3. Bg2 g6 4. d3 Bg7 5. O-O O-O 6. Nbd2 c5 7. Re1 Nc6 8. e4
e6 9. c3 Qc7 10. a3 a5 11. a4 b6 12. Qc2 Ba6 13. Bf1 Rfd8 14. Nh4 dxe4 15. dxe4
Bxf1 16. Rxf1 Ne5 17. Nhf3 Nxf3+ 18. Nxf3 Ng4 19. Bf4 Ne5 20. Kg2 c4 21. Rad1
Qc5 22. Nxe5 Bxe5 23. Bxe5 Qxe5 24. f3 Qc7 25. Rxd8+ Rxd8 26. Rd1 Rd7 27. Kf1
Qd8 28. Ke2 Kf8 29. Rd2 Ke7 30. Qd1 Rxd2+ 31. Qxd2 Qxd2+ 32. Kxd2 e5 33. Kc2
Kd6 34. Kb1 f5 35. Kc2 Kc5 36. Kb1 Kd6 1/2-1/2

[Event "III Torneo Estate Vomero"]
[Site "Napoli ITA"]
[Date "2009.06.11"]
[Round "5"]
[White "Supino, Domenico"]
[Black "Esposito, Rosario"]
[Result "1-0"]
[WhiteElo "2102"]
[BlackElo "1855"]
[PlyCount "78"]
[EventDate "2009.05.08"]

1. e4 c5 2. Nf3 e6 3. d4 cxd4 4. Nxd4 Nc6 5. Nc3 a6 6. Be2 Qc7 7. O-O Nf6 8.
Be3 Be7 9. f4 d6 10. Kh1 O-O 11. Qe1 Bd7 12. Qg3 b5 13. e5 dxe5 14. fxe5 Nxe5
15. Bh6 Ne8 16. Bf4 f6 17. Rad1 Bd6 18. Ne4 Nf7 19. Bxd6 Nfxd6 20. Nxd6 Qxd6
21. Qxd6 Nxd6 22. Nf3 Nf5 23. Rxd7 Ne3 24. Rc1 Rfc8 25. Bd3 e5 26. Kg1 Rc5 27.
Kf2 Nc4 28. Bxc4+ Rxc4 29. c3 Rc6 30. Rcd1 g6 31. Re7 b4 32. cxb4 Rc2+ 33. Kg3
Rxb2 34. Rdd7 Rxb4 35. Rg7+ Kf8 36. Rdf7+ Ke8 37. Rxf6 Rab8 38. Nxe5 R8b5 39.
Rxa6 Rb8 1-0

[Event "III Torneo Estate Vomero"]
[Site "Napoli ITA"]
[Date "2009.06.18"]
[Round "6"]
[White "Accardo, Francesco"]
[Black "De Rosa, Francesco"]
[Result "0-1"]
[WhiteElo "1854"]
[BlackElo "1968"]
[PlyCount "82"]
[EventDate "2009.05.08"]

1. g4 e5 2. Bg2 d5 3. d4 e4 4. h3 Bd6 5. c4 c6 6. Nc3 Ne7 7. Bg5 f6 8. Bd2 Be6
9. g5 fxg5 10. Bxg5 O-O 11. h4 h6 12. Bd2 Nf5 13. Qa4 e3 14. fxe3 Ng3 15. O-O-O
Nxh1 16. Bxh1 dxc4 17. d5 b5 18. Qc2 Bf5 19. e4 Bh7 20. Nf3 b4 21. Rg1 Bf4 22.
e3 Bd6 23. Qd1 Nd7 24. Nd4 bxc3 25. Bxc3 Be5 26. Ne6 Qf6 27. Bd4 c5 28. Rxg7+
Kh8 29. Rxd7 cxd4 30. exd4 Bf4+ 31. Kc2 Rfd8 32. Nxd8 Rxd8 33. Rxa7 Qxh4 34.
Kc3 Rc8 35. e5 Qf2 36. d6 Bd3 37. d7 Rd8 38. b3 Bxe5 39. Qg4 Qc2+ 40. Kb4 Bd6+
41. Kb5 cxb3+ 0-1

[Event "III Torneo Estate Vomero"]
[Site "Napoli ITA"]
[Date "2009.06.18"]
[Round "6"]
[White "Esposito, Rosario"]
[Black "Pinto, Gaetano"]
[Result "1/2-1/2"]
[WhiteElo "1855"]
[BlackElo "2065"]
[PlyCount "92"]
[EventDate "2009.05.08"]

1. d4 d6 2. c4 e5 3. dxe5 dxe5 4. Qxd8+ Kxd8 5. Bg5+ f6 6. Bd2 Be6 7. e4 Nd7 8.
Nc3 Ne7 9. b3 Nc6 10. Bd3 Nc5 11. Bb1 a5 12. Nd5 Kc8 13. Ne2 b6 14. f3 Bf7 15.
Kf2 Ne6 16. Be3 Bc5 17. Bc2 Bxe3+ 18. Kxe3 Kb7 19. Rad1 Rhe8 20. Rd2 Ncd4 21.
Nxd4 exd4+ 22. Rxd4 Nxd4 23. Kxd4 Rad8 24. Kc3 c6 25. Ne3 Rd7 26. Rd1 Red8 27.
Rxd7+ Rxd7 28. Ng4 Be6 29. Nf2 h6 30. f4 g5 31. f5 Bf7 32. Ng4 Rd6 33. Nxf6
Rxf6 34. e5 Kc7 35. exf6 Kd6 36. Kd4 c5+ 37. Ke3 Ke5 38. g4 Kxf6 39. Kf3 Ke5
40. Ke3 Be8 41. Be4 a4 42. Bd5 a3 43. Be4 Bd7 44. Bd3 Bc6 45. Be2 Be4 46. Bd3
Bc6 1/2-1/2

[Event "III Torneo Estate Vomero"]
[Site "Napoli ITA"]
[Date "2009.06.18"]
[Round "6"]
[White "Longobardi, Giuseppe"]
[Black "Cosenza, Gianni"]
[Result "1/2-1/2"]
[WhiteElo "1999"]
[BlackElo "1927"]
[PlyCount "64"]
[EventDate "2009.05.08"]

1. d4 d5 2. c4 c6 3. Nc3 Nf6 4. Nf3 e6 5. e3 Nbd7 6. Bd3 a6 7. O-O dxc4 8. Bxc4
b5 9. Bb3 Bb7 10. e4 Nb6 11. Be3 b4 12. e5 Nfd5 13. Ne4 Be7 14. Qc2 a5 15. Nc5
Bxc5 16. Qxc5 Qe7 17. Qc1 a4 18. Bc2 Nxe3 19. Qxe3 Nd5 20. Qd2 c5 21. dxc5 Qxc5
22. Rac1 Qe7 23. Bd3 O-O 24. Ng5 h6 25. Ne4 f6 26. f4 fxe5 27. fxe5 Rxf1+ 28.
Rxf1 Ba6 29. Bxa6 Rxa6 30. Qd4 Rc6 31. Nd6 Qg5 32. Nc4 Rc7 1/2-1/2

[Event "III Torneo Estate Vomero"]
[Site "Napoli ITA"]
[Date "2009.06.18"]
[Round "6"]
[White "Messina, Enrico"]
[Black "Supino, Domenico"]
[Result "1/2-1/2"]
[WhiteElo "2147"]
[BlackElo "2102"]
[PlyCount "36"]
[EventDate "2009.05.08"]

1. e4 e6 2. Nf3 d5 3. e5 c5 4. b4 cxb4 5. d4 Nc6 6. a3 Qc7 7. axb4 Bxb4+ 8. c3
Be7 9. Bd3 Bd7 10. h4 f5 11. g4 fxg4 12. Ng5 Nxe5 13. dxe5 Qxe5+ 14. Be3 Nf6
15. Kd2 O-O 16. Qc2 h6 17. Nh7 Nxh7 18. Bxh7+ Kh8 1/2-1/2

[Event "III Torneo Estate Vomero"]
[Site "Napoli ITA"]
[Date "2009.06.18"]
[Round "6"]
[White "Rosato, Luciano"]
[Black "Ficco, Corrado"]
[Result "1/2-1/2"]
[WhiteElo "2268"]
[BlackElo "2163"]
[PlyCount "105"]
[EventDate "2009.05.08"]

1. d4 f5 2. Bg5 c6 3. e3 Qb6 4. Bd3 d6 5. Nf3 g6 6. Nbd2 Bg7 7. Nc4 Qc7 8. a4
Nf6 9. a5 Be6 10. c3 Nbd7 11. Qc2 O-O 12. h4 Rae8 13. Ncd2 Bd5 14. h5 e5 15.
dxe5 dxe5 16. e4 fxe4 17. Nxe4 Nxh5 18. Nfd2 Nf4 19. Bf1 b6 20. c4 Bf7 21. f3
Ne6 22. Be3 Nd4 23. Bxd4 exd4 24. Bd3 Qg3+ 25. Kf1 Qe5 26. axb6 axb6 27. Kf2
Ra8 28. Rae1 Rfe8 29. g3 h6 30. f4 Qc7 31. Nf3 Re6 32. Nh2 Rae8 33. Ng4 h5 34.
Nh2 Nf6 35. Nxf6+ Rxf6 36. Rxe8+ Bxe8 37. Re1 Bf7 38. Nf3 Bh6 39. Kg2 Qd6 40.
Nd2 Re6 41. Ne4 Qe7 42. Ra1 Kg7 43. Rf1 c5 44. b3 Qb7 45. Kh2 Qc7 46. Qf2 Qe7
47. Qc2 Be8 48. Re1 h4 49. Qg2 Bc6 50. Qf3 Bxe4 51. Rxe4 hxg3+ 52. Kxg3 Rxe4
53. Qxe4 1/2-1/2

[Event "XXVIII Mitropa Cup"]
[Site "Rogaska Slatina SLO"]
[Date "2009.05.09"]
[Round "1.3"]
[White "Schiendorfer, Emanuel"]
[Black "Rombaldoni, Denis"]
[Result "0-1"]
[WhiteElo "2274"]
[BlackElo "2442"]
[Annotator "ITA-SUI"]
[PlyCount "50"]
[EventDate "2009.05.09"]

1. d4 d5 2. c4 e6 3. Nc3 c6 4. e4 dxe4 5. Nxe4 Bb4+ 6. Bd2 Qxd4 7. Bxb4 Qxe4+
8. Be2 Na6 9. Bd6 Qxg2 10. Qd2 Nf6 11. Bf3 Qg6 12. O-O-O e5 13. Ne2 Qf5 14. Qc3
Be6 15. Bxe5 Nb4 16. Qxb4 Qxe5 17. Rhg1 Qxh2 18. Rg2 Qh4 19. b3 Nd7 20. Qxb7
Qh6+ 21. Kb2 O-O 22. Nc3 Ne5 23. Bxc6 Rab8 24. Qc7 Qf4 25. Ka1 Rbc8 0-1

[Event "XXVIII Mitropa Cup"]
[Site "Rogaska Slatina SLO"]
[Date "2009.05.09"]
[Round "1.4"]
[White "Mogranzini, Roberto"]
[Black "Gaehwiler, Gabriel"]
[Result "1-0"]
[WhiteElo "2422"]
[BlackElo "2226"]
[Annotator "ITA-SUI"]
[PlyCount "173"]
[EventDate "2009.05.09"]

1. e4 c5 2. Nf3 d6 3. d4 cxd4 4. Nxd4 Nf6 5. Nc3 a6 6. h3 e5 7. Nde2 Be7 8. g4
h6 9. Bg2 O-O 10. O-O Nbd7 11. Ng3 Nb6 12. b3 Be6 13. Nd5 Nbxd5 14. exd5 Bd7
15. c4 Qc7 16. Be3 b5 17. Rc1 bxc4 18. bxc4 Rab8 19. Qd2 Rfc8 20. Rfd1 Bf8 21.
f4 exf4 22. Bxf4 Ba4 23. Rf1 Qb6+ 24. Rf2 Qb4 25. Bf1 Qxd2 26. Rxd2 Nd7 27. Ne4
Rb6 28. Be3 Rb7 29. Nc3 Rb4 30. Kf2 Be7 31. a3 Bh4+ 32. Kg2 Rb3 33. Bf4 Nb6 34.
Ne4 Rxa3 35. Nxd6 Rd8 36. Nf5 Bg5 37. Bxg5 hxg5 38. c5 Nxd5 39. Ne7+ Nxe7 40.
Rxd8+ Kh7 41. Bd3+ g6 42. Be4 Re3 43. Bb7 Nc6 44. Rd6 Ne5 45. Rxa6 Bb3 46. Rb6
Nd3 47. Rxb3 Nf4+ 48. Kf1 Rxb3 49. c6 Ne6 50. c7 Nxc7 51. Rxc7 Rxh3 52. Rxf7+
Kh6 53. Rf6 Rg3 54. Bc8 Kg7 55. Rc6 Rf3+ 56. Ke2 Rf4 57. Ke3 Rb4 58. Be6 Rb7
59. Bd5 Ra7 60. Be4 Ra3+ 61. Bd3 Kf7 62. Rb6 Ra4 63. Bxg6+ Ke7 64. Bf5 Ra3+ 65.
Kd4 Ra4+ 66. Kc5 Ra5+ 67. Kb4 Ra1 68. Rg6 Rc1 69. Rxg5 Kf6 70. Rg6+ Ke5 71.
Re6+ Kf4 72. Re4+ Kg5 73. Rc4 Rd1 74. Kc5 Kf6 75. Rd4 Rc1+ 76. Kd5 Re1 77. Rd2
Kg5 78. Kd4 Kf4 79. Rf2+ Kg3 80. Ra2 Kf4 81. Kd5 Re5+ 82. Kd6 Re1 83. Ra5 Re3
84. Be6 Rh3 85. Rf5+ Ke4 86. g5 Rg3 87. Ke7 1-0

[Event "XXVIII Mitropa Cup"]
[Site "Rogaska Slatina SLO"]
[Date "2009.05.10"]
[Round "2.1"]
[White "Caruana, Fabiano"]
[Black "Cossin, Sebastien"]
[Result "1-0"]
[WhiteElo "2649"]
[BlackElo "2471"]
[Annotator "ITA-FRA"]
[PlyCount "131"]
[EventDate "2009.05.09"]

1. e4 c6 2. d4 d5 3. e5 Bf5 4. Nf3 e6 5. Be2 c5 6. Be3 cxd4 7. Nxd4 Ne7 8. c4
Nbc6 9. Qa4 a6 10. Nc3 dxc4 11. O-O-O Qc8 12. Nxf5 Nxf5 13. Bb6 Bb4 14. Rd8+
Qxd8 15. Bxd8 Rxd8 16. a3 Be7 17. Bf3 Nfd4 18. Bxc6+ Nxc6 19. Rd1 O-O 20. Rxd8
Rxd8 21. Qxc4 Rd4 22. Qe2 Bg5+ 23. Kb1 Bf4 24. g3 Bxe5 25. f4 Bd6 26. h4 Bf8
27. h5 h6 28. Ne4 f5 29. Nc3 Kf7 30. Qf3 Be7 31. g4 fxg4 32. Qxg4 Bf6 33. Qg6+
Kf8 34. Ne4 Ne7 35. Qg2 Rd1+ 36. Ka2 Rd5 37. Nxf6 gxf6 38. Qe4 Rxh5 39. Qxb7 a5
40. b4 axb4 41. axb4 Nd5 42. Qc8+ Ke7 43. b5 Rh2+ 44. Ka1 f5 45. b6 Nxb6 46.
Qc5+ Kf7 47. Qxb6 h5 48. Qa7+ Kf6 49. Qg1 Rc2 50. Qg5+ Kf7 51. Qxh5+ Ke7 52.
Qg5+ Kf7 53. Qd8 Re2 54. Kb1 Re4 55. Kc2 Rc4+ 56. Kd2 Re4 57. Kd3 Re1 58. Qc7+
Kg6 59. Qb8 Re4 60. Qg8+ Kf6 61. Qh7 Ra4 62. Ke3 Ra3+ 63. Kf2 Rb3 64. Qg8 Rb2+
65. Kg3 Re2 66. Qg5+ 1-0

[Event "XXVIII Mitropa Cup"]
[Site "Rogaska Slatina SLO"]
[Date "2009.05.10"]
[Round "2.2"]
[White "Terrieux, Kevin"]
[Black "Godena, Michele"]
[Result "1/2-1/2"]
[WhiteElo "2449"]
[BlackElo "2538"]
[Annotator "ITA-FRA"]
[PlyCount "39"]
[EventDate "2009.05.09"]

1. d4 d5 2. c4 dxc4 3. e3 e5 4. Bxc4 exd4 5. exd4 Bd6 6. Nf3 Nf6 7. O-O O-O 8.
h3 h6 9. Qd3 Nc6 10. Nc3 Na5 11. d5 a6 12. a3 Nxc4 13. Qxc4 b5 14. Qd4 Bb7 15.
Rd1 Re8 16. Be3 Nd7 17. Qg4 Nf6 18. Qd4 Nd7 19. Qg4 Nf6 20. Qd4 1/2-1/2

[Event "XXVIII Mitropa Cup"]
[Site "Rogaska Slatina SLO"]
[Date "2009.05.10"]
[Round "2.3"]
[White "Brunello, Sabino"]
[Black "Philippe, Christophe"]
[Result "1/2-1/2"]
[WhiteElo "2477"]
[BlackElo "2435"]
[Annotator "ITA-FRA"]
[PlyCount "104"]
[EventDate "2009.05.09"]

1. d4 Nf6 2. c4 e6 3. Nf3 c5 4. d5 d6 5. Nc3 exd5 6. cxd5 g6 7. g3 Bg7 8. Bg2
O-O 9. O-O Re8 10. Nd2 a6 11. a4 Nbd7 12. a5 b5 13. axb6 Nxb6 14. Nb3 Bf5 15.
f3 Qc8 16. e4 Bh3 17. Bf4 Bxg2 18. Kxg2 Nh5 19. Bc1 Ra7 20. Na5 f5 21. exf5
gxf5 22. Qb3 Nd7 23. Nc4 Bf8 24. Qd1 Ndf6 25. Bd2 Rf7 26. Re1 Rg7 27. Rxe8 Nxe8
28. Qe2 Nc7 29. Qd3 Qd7 30. Ne2 Qf7 31. Bh6 Rg6 32. Bxf8 Kxf8 33. Rd1 Nb5 34.
Kf2 Qf6 35. Re1 f4 36. Qe4 fxg3+ 37. Nxg3 Ng7 38. Re2 Nd4 39. Re3 Rh6 40. Qg4
Ngf5 41. Nxf5 Qxf5 42. Re4 Qxg4 43. fxg4 Rxh2+ 44. Kg3 Rh6 45. b4 Nb5 46. bxc5
dxc5 47. Kf4 Nc3 48. Re5 Rf6+ 49. Kg5 Rg6+ 50. Kf4 Rf6+ 51. Kg5 Rg6+ 52. Kf4
Rf6+ 1/2-1/2

[Event "XXVIII Mitropa Cup"]
[Site "Rogaska Slatina SLO"]
[Date "2009.05.10"]
[Round "2.4"]
[White "Vitoux, Colomban"]
[Black "Mogranzini, Roberto"]
[Result "1-0"]
[WhiteElo "2446"]
[BlackElo "2422"]
[Annotator "ITA-FRA"]
[PlyCount "51"]
[EventDate "2009.05.09"]

1. e4 c5 2. Nf3 e6 3. c4 Nc6 4. Nc3 Nf6 5. Be2 a6 6. O-O Qc7 7. d4 cxd4 8. Nxd4
d6 9. Be3 Ne5 10. f4 Ng6 11. f5 Ne5 12. fxe6 fxe6 13. Kh1 Be7 14. Qb3 Nc6 15.
Nf3 O-O 16. Bb6 Qb8 17. Rad1 Nd7 18. Bf2 Qc7 19. Bg3 b6 20. Qa3 Nc5 21. b4 Nb7
22. c5 Ra7 23. cxb6 Qxb6 24. Bf2 Qc7 25. Bxa7 Nxa7 26. Rc1 1-0

[Event "XXVIII Mitropa Cup"]
[Site "Rogaska Slatina SLO"]
[Date "2009.05.11"]
[Round "3.1"]
[White "Petr, Martin"]
[Black "Caruana, Fabiano"]
[Result "0-1"]
[WhiteElo "2460"]
[BlackElo "2649"]
[Annotator "ITA-CZE"]
[PlyCount "112"]
[EventDate "2009.05.09"]

1. e4 c5 2. Nf3 e6 3. d4 cxd4 4. Nxd4 a6 5. Bd3 Bc5 6. Nb3 Be7 7. Qg4 g6 8. Qe2
d6 9. Be3 Nf6 10. Bh6 Nc6 11. h3 Bf8 12. Qe3 Bxh6 13. Qxh6 e5 14. N1d2 Be6 15.
O-O Qe7 16. Rfe1 Rg8 17. Qe3 g5 18. Bc4 O-O-O 19. Bxe6+ Qxe6 20. Nf1 Nh5 21.
Ng3 Nxg3 22. fxg3 g4 23. h4 f5 24. exf5 Qxf5 25. Rf1 Qg6 26. c4 Rgf8 27. Qd2
Kb8 28. Rad1 Rxf1+ 29. Rxf1 Qe6 30. Na5 Nxa5 31. Qxa5 Re8 32. Qd5 Qxd5 33. cxd5
e4 34. Rf4 e3 35. Kf1 e2+ 36. Ke1 h5 37. Rf6 Kc7 38. Rf7+ Kb6 39. Rd7 Kc5 40.
Rxb7 Kxd5 41. Rb6 Re3 42. Rxa6 Rxg3 43. Kxe2 Rxg2+ 44. Kd3 Ke5 45. b4 Rh2 46.
Ra5+ d5 47. Ra8 Rh3+ 48. Ke2 Rxh4 49. b5 Rh2+ 50. Kd3 g3 51. a4 Rb2 52. Kc3 Rb1
53. Rg8 h4 54. Kc2 Rb4 55. Kc3 Rxa4 56. b6 Rc4+ 0-1

[Event "XXVIII Mitropa Cup"]
[Site "Rogaska Slatina SLO"]
[Date "2009.05.11"]
[Round "3.3"]
[White "Cernousek, Lukas"]
[Black "Brunello, Sabino"]
[Result "1-0"]
[WhiteElo "2439"]
[BlackElo "2477"]
[Annotator "ITA-CZE"]
[PlyCount "73"]
[EventDate "2009.05.09"]

1. d4 Nf6 2. c4 e6 3. g3 d5 4. Nf3 dxc4 5. Bg2 Bb4+ 6. Bd2 a5 7. Qc2 Nc6 8.
Qxc4 Qd5 9. Qd3 O-O 10. Nc3 Qh5 11. a3 Be7 12. h3 Rd8 13. g4 Qg6 14. Qxg6 hxg6
15. Rc1 Bd7 16. O-O a4 17. Nb5 Ne8 18. e4 Nd6 19. Nxd6 cxd6 20. d5 exd5 21.
exd5 Na5 22. Rc7 Nb3 23. Bb4 b6 24. Ne5 Bb5 25. Re1 Bh4 26. Nc6 Re8 27. Rxe8+
Rxe8 28. Bxd6 Re1+ 29. Kh2 Bxf2 30. Ne5 Bg1+ 31. Kg3 Nd4 32. Bf3 f6 33. Nxg6
Rf1 34. Ne7+ Kh8 35. Rc8+ Kh7 36. Be4+ f5 37. Nxf5 1-0

[Event "XXVIII Mitropa Cup"]
[Site "Rogaska Slatina SLO"]
[Date "2009.05.11"]
[Round "3.4"]
[White "Rombaldoni, Denis"]
[Black "Krejci, Jan"]
[Result "0-1"]
[WhiteElo "2442"]
[BlackElo "2430"]
[Annotator "ITA-CZE"]
[PlyCount "108"]
[EventDate "2009.05.09"]

1. d4 Nf6 2. Nf3 e6 3. g3 d5 4. Bg2 Be7 5. O-O O-O 6. c4 c6 7. Nbd2 Nbd7 8. Qc2
b5 9. c5 a5 10. a4 b4 11. Re1 Ba6 12. Nb3 Ne4 13. Nfd2 Nxd2 14. Bxd2 f5 15. Bf4
Kh8 16. Qc1 Bf6 17. Bd6 Re8 18. Qf4 Ra7 19. h4 Nf8 20. e3 Bc4 21. Nd2 Bd3 22.
Bf1 Bxf1 23. Kxf1 Be7 24. Rac1 Bxd6 25. Qxd6 Qc8 26. Qf4 e5 27. dxe5 Ng6 28.
Qd4 Nxe5 29. Kg2 Qa6 30. Rcd1 Rae7 31. Nf3 Nxf3 32. Kxf3 Re4 33. Qd2 Qc4 34.
Rc1 Qa2 35. Ra1 Qb3 36. Kg2 Rc4 37. Rec1 Ree4 38. Rxc4 Qxc4 39. Rc1 Qb3 40. Ra1
h6 41. Qe2 d4 42. Qf3 dxe3 43. Qxf5 Re8 44. Re1 Qxb2 45. Qf7 Re5 46. Qf3 e2 47.
Qxc6 Qc3 48. Qb5 Qxe1 49. Qb8+ Kh7 50. Qxe5 Qf1+ 51. Kf3 e1=Q 52. Qf5+ Kg8 53.
Qc8+ Kf7 54. Qf5+ Ke7 0-1